000
00305nam a22001337a 4500
008
181101b xxu||||| |||| 00| 0 eng d
020
_a
9780781785907
041
_a
eng
080
_2
12th
_a
610.73
100
_a
2
101
_a
INF
245
_a
Medical-Surgical Nursing
_c
Smeltzer,S.C
942
_2
udc
_c
BK
999
_c
51402
_d
51402